000
00214nam a2200085Ia 4500
245
0
_a
Energy sources
100
_a
BOWDEN, Rob London, 2009
_9
14224
942
_c
BK
008
210818s9999 xx 000 0 und d
999
_c
431417
_d
431416